|
|
|
|
| LEADER |
00000nam0a2200000 4500 |
| 001 |
372577 |
| 005 |
20231102012505.0 |
| 020 |
|
|
|a RU
|b 86-43401ж
|
| 035 |
|
|
|a (RuTPU)RU\TPU\retro\30001
|
| 035 |
|
|
|a RU\TPU\book\231362
|
| 090 |
|
|
|a 372577
|
| 100 |
|
|
|a 20221215d1986 k y0rusy5003 ca
|
| 101 |
0 |
|
|a rus
|
| 102 |
|
|
|a RU
|
| 105 |
|
|
|a a z 001zy
|
| 200 |
1 |
|
|a Изотопный состав и происхождение глубинных карбонатов
|f В. Н. Кулешов
|g Академия наук СССР (АН СССР), Геологический институт (ГИН)
|
| 210 |
|
|
|a Москва
|c Наука
|d 1986
|
| 215 |
|
|
|a 125 с.
|c ил.
|
| 225 |
1 |
|
|a Труды ГИН (Геологического института АН СССР)
|v Вып. 405
|
| 320 |
|
|
|a Библиогр.: с. 116-123.
|
| 606 |
1 |
|
|a Горные породы, карбонатные
|x Минералогический состав
|2 stltpush
|3 (RuTPU)RU\TPU\subj\8120
|9 35606
|
| 610 |
1 |
|
|a горные породы карбонатные
|
| 610 |
1 |
|
|a изотопный состав
|
| 610 |
1 |
|
|a происхождение
|
| 610 |
1 |
|
|a карбонаты
|
| 610 |
1 |
|
|a геоморфологическое строение
|
| 610 |
1 |
|
|a петрографический состав
|
| 675 |
|
|
|a 552.54
|z rus
|v 3
|
| 700 |
|
1 |
|a Кулешов
|b В. Н.
|g Владимир Николаевич
|4 070
|
| 712 |
0 |
2 |
|a Академия наук СССР (АН СССР)
|b Геологический институт (ГИН)
|c (Москва)
|2 stltpush
|3 (RuTPU)RU\TPU\col\11354
|
| 801 |
|
0 |
|a RU
|b RuMRKP
|c 19950704
|g psbo
|
| 801 |
|
1 |
|a RU
|b 63413507
|c 20120319
|
| 801 |
|
2 |
|a RU
|b 63413507
|c 20221215
|g RCR
|
| 942 |
|
|
|c BK
|